Vell i nou
Publicado:
Barcelona :
MARC
| LEADER | 00000nam a2200000Ia 4500 | ||
|---|---|---|---|
| 001 | |||
| 008 | 160829s9999 xx 000 0 cat d | ||
| 008 | 160829s9999 xx 000 0 cat d | ||
| 080 | |a Revistes | ||
| 245 | |a Vell i nou | ||
| 260 | |a Barcelona, | ||
| 362 | |a Any 1, núm. 1 (13 març 1915)- | ||
| 590 | |a Periodicitat setmanal, mensual. | ||
| 590 | |a Subtítol del núm. 5: Revista setmanal d'art, format: 435 x 315 mm. | ||
| 590 | |a Subtítol del núm. 15: Revista quinzenal d'art, format 270 x 215 mm. | ||
| 590 | |a Prové de 3268, exp. 6. | ||
| 590 | |a Es pot consultar la revista completa a: http://www.bnc.cat/digital/arca/index.html | ||
| 650 | |a Art |x Revistes |9 47190 | ||
| 650 | |a Literatura catalana |x Revistes |9 47561 | ||
| 856 | |u #M:\DocumentsDigitalitzats\032\3268\3268-6.pdf | ||
| 866 | |a Any 1, 1915 (5, 15) | ||
| 901 | |a Arxiu | ||
| 942 | |n 1 | ||
| 952 | |0 0 |1 0 |4 0 |6 REVISTES |7 1 |9 53740 |a Arxiu |b Arxiu |d 2016-12-01 |l 0 |o Revistes |r 2016-12-01 00:00:00 |w 2016-12-01 |y ARXIU | ||
| 999 | |c 57606 |d 57606 | ||